| 000 | 01223pam a2200337 a 4500 | ||
|---|---|---|---|
| 999 |
_c1707 _d1707 |
||
| 001 | 4451799 | ||
| 003 | OSt | ||
| 005 | 20210629112221.0 | ||
| 008 | 950614s1996 mouaf b 001 0 eng c | ||
| 010 | _a 95021443 | ||
| 020 | _a0815175434 | ||
| 040 |
_aDNLM/DLC _cALUPE UNIVERSITY _dDLC |
||
| 050 | 0 | 0 |
_aRD121.5 _b.H34 1996 |
| 060 | 1 | 0 | _aWR 460 H1534 1996 |
| 082 | 0 | 0 |
_a617.4/779 _220 |
| 245 | 0 | 0 |
_aHair replacement : _bsurgical and medical / _ceditor, Dow B. Stough ; associate editor, Robert S. Haber. |
| 260 |
_aSt. Louis : _bMosby, _cc1996. |
||
| 300 |
_axxv, 448 p., [4] p. of plates : _bill. (some col.) ; _c28 cm. |
||
| 504 | _aIncludes bibliographical references and index. | ||
| 650 | 0 |
_aHair _xTransplantation. |
|
| 650 | 0 | _aHair growth stimulants. | |
| 650 | 0 |
_aBaldness _xTreatment. |
|
| 650 | 1 | 2 |
_aAlopecia _xtherapy. |
| 650 | 2 | 2 |
_aHair _xtransplantation. |
| 650 | 2 | 2 |
_aScalp _xsurgery. |
| 700 | 1 |
_aStough, Dow B. _q(Dowling Bluford), _d1957- |
|
| 700 | 1 |
_aHaber, Robert S. _d1959- |
|
| 906 |
_a7 _bcbc _corignew _d1 _eocip _f19 _gy-gencatlg |
||
| 942 |
_2lcc _cBK _nPW |
||